000 00687nam a2200229Ia 4500
003 OSt
005 20220925231406.0
006 a|||||r|||| 00| 0
007 ta
008 220923b |||||||| |||| 00| 0 eng d
037 _cGeneral Book
040 _aRTL
_cRTL
_beng
041 _2eng
_aeng
082 _aX9(J94).231.N76<N68r, L6
110 _aKOTHARI SUGARS AND CHEMICALS LIMITED
_9241897
245 0 _aAnnual report,1968-76.
260 _aMadras
_bKothari Sugar & Chemicals Ltd
_c1976
300 _a21p.
_ccm.
700 _aKOTHARI SUGARS AND CHEMICALS LIMITED
_9241898
942 _hX9(J94).231.N76<N68r, L6
_cGB
_2CC
999 _c588333
_d588333